Normal view
MARC view
- Biofeedback training.
Entry Topical Term
001 - CONTROL NUMBER
- control field: 5099
003 - CONTROL NUMBER IDENTIFIER
- control field: OSt
005 - DATE AND TIME OF LATEST TRANSACTION
- control field: 20170516154158.0
008 - FIXED-LENGTH DATA ELEMENTS
- fixed length control field: 170516|| aca||aabn | a|a d
040 ## - CATALOGING SOURCE
- Original cataloging agency: OSt
- Transcribing agency: OSt
150 ## - HEADING--TOPICAL TERM
- Topical term or geographic name entry element: Biofeedback training.
670 ## - SOURCE DATA FOUND
- Source citation: Work cat.: (OSt): Shealy, C. Norman 1932- 5096, 90 days to self-health /, 1977.

PORTAL AKMAL
E-MEL JKDM
AKMAL2U
G-BAM
u-PUSTAKA